000 00417nam a2200181Ia 4500
001 13118
005 20260306163030.0
008 260306t2013||||xx |||||||||||||| ||spa||
041 _aESP
082 _aRM 332.32
_b2013 CA
100 _aCaja Arequipa
_eAUT
245 0 _aMemoria anual 2013
260 _c2013
300 _a125 páginas :
_c25 cm.
650 _aGEN
654 _aCHU
942 _cLIB
_dJUS
_fJUS
_2ddc
_n
999 _c13118
_d13118